[Event "XXXVI C.to Italiano a squadre A1.1"]
[Site "ITA"]
[Date "2004.03.07"]
[Round "2"]
[White "Djuric, Stefan"]
[Black "Castaldo, Folco"]
[Result "1-0"]
[WhiteElo "2487"]
[BlackElo "2361"]
[PlyCount "163"]
[EventDate "2004.03.06"]

1. c4 e5 2. g3 Nf6 3. Bg2 d5 4. cxd5 Nxd5 5. Nf3 Nc6 6. O-O Nb6 7. d3 Be7 8. a4
a6 9. a5 Nd5 10. Nbd2 O-O 11. Nc4 Bf6 12. Bd2 Re8 13. Rc1 Bg4 14. h3 Be6 15.
Kh2 h6 16. Qa4 Qd7 17. Ne3 Rad8 18. Ng4 Bxg4 19. hxg4 Nd4 20. Qxd7 Rxd7 21. Rc4
c6 22. Nxd4 exd4 23. Be4 Nc7 24. Kg2 Nb5 25. Rc2 Nd6 26. Bf3 Re5 27. Ra1 Rb5
28. Ra4 Ne8 29. Bb4 Nc7 30. Be4 Ne6 31. Bf5 Rdd5 32. Rc4 Bd8 33. Be4 Rd7 34. f4
Be7 35. Bxe7 Rxe7 36. b4 Rd7 37. Kf3 Kf8 38. Ra1 Ke7 39. Rh1 Nc7 40. Rh5 Kf6
41. Rf5+ Ke7 42. Rfc5 Rxc5 43. bxc5 Nb5 44. Bf5 Rd8 45. g5 hxg5 46. fxg5 Rh8
47. Rc1 Rd8 48. Rc4 Rh8 49. Rb4 Rd8 50. Kf4 Rd5 51. Rc4 Rd8 52. e3 g6 53. Bg4
dxe3 54. Kxe3 Nc7 55. Re4+ Kf8 56. d4 Nd5+ 57. Kd3 f5 58. gxf6 Nxf6 59. Rf4 Ke7
60. Bf3 g5 61. Rf5 g4 62. Re5+ Kd7 63. Bd1 Rh8 64. Rg5 Ke6 65. Bb3+ Ke7 66.
Rg7+ Kd8 67. Rf7 Rh6 68. Be6 Ke8 69. Bc4 Nd7 70. Rg7 Nf6 71. Rf7 Nd7 72. Ke4
Rh1 73. Rf1 Rh2 74. Rb1 Rg2 75. Rxb7 Rxg3 76. Be6 Nf6+ 77. Ke5 Rf3 78. Bf5 Nd5
79. Bd7+ Kf8 80. Bxc6 g3 81. Bxd5 g2 82. Rb8+ 1-0

[Event "XXXVI C.to Italiano a squadre A1.1"]
[Site "ITA"]
[Date "2004.03.07"]
[Round "2"]
[White "Jones, Gawain C.B."]
[Black "Ratti, Ruggero"]
[Result "0-1"]
[WhiteElo "2387"]
[BlackElo "2320"]
[PlyCount "82"]
[EventDate "2004.03.06"]

1. e4 c5 2. Nf3 e6 3. d3 Nc6 4. g3 d5 5. Qe2 Nge7 6. Bg2 g6 7. h4 h6 8. Bf4 Bg7
9. c3 e5 10. Bc1 Be6 11. Nbd2 O-O 12. O-O Qc7 13. b3 Rfe8 14. exd5 Nxd5 15. Bb2
Rad8 16. Rac1 f5 17. Rfe1 Bf7 18. Nc4 b5 19. Ne3 Nf4 20. gxf4 exf4 21. d4 c4
22. d5 Na5 23. h5 fxe3 24. b4 Nb7 25. hxg6 Bxd5 26. fxe3 Nd6 27. Nh4 Qb7 28.
Rcd1 Be4 29. Qh5 Qe7 30. Nf3 a6 31. Rd2 Bd3 32. Nd4 Ne4 33. Rxd3 cxd3 34. Nxf5
Qg5 35. Nxg7 d2 36. Rd1 Qxe3+ 37. Kh2 Qg3+ 38. Kg1 Kxg7 39. Rf1 Qe3+ 40. Kh2
Qg3+ 41. Kg1 Nxc3 0-1

[Event "XXXVI C.to Italiano a squadre A1.1"]
[Site "ITA"]
[Date "2004.03.07"]
[Round "2"]
[White "Mantovani, Renzo"]
[Black "Massa, Giovanni"]
[Result "1-0"]
[WhiteElo "2375"]
[BlackElo "2134"]
[PlyCount "219"]
[EventDate "2004.03.06"]

1. d4 Nf6 2. Nf3 e6 3. Bf4 b6 4. e3 Bb7 5. h3 Be7 6. Nbd2 c5 7. c3 d6 8. Bd3
Nbd7 9. O-O O-O 10. Qe2 Qc7 11. Ba6 Ne4 12. Rfd1 Ndf6 13. Ng5 Bxa6 14. Qxa6
Nxd2 15. Rxd2 cxd4 16. Rxd4 Nd5 17. Qd3 g6 18. Rd1 Nxf4 19. exf4 Rac8 20. Qg3
Bxg5 21. Qxg5 d5 22. Qf6 Qd8 23. Qe5 Qc7 24. Qf6 Qd8 25. Qxd8 Rfxd8 26. c4 Rc5
27. b4 Rc7 28. Kf1 Rdc8 29. cxd5 exd5 30. Rxd5 Rc2 31. a3 R8c4 32. R5d4 R4c3
33. R4d3 Rc4 34. g3 Ra2 35. R1d2 Rxd2 36. Rxd2 Rc3 37. Ra2 b5 38. a4 bxa4 39.
Rxa4 Rb3 40. Kg2 Kg7 41. g4 h6 42. f3 Rb2+ 43. Kg3 Rb3 44. h4 Rb1 45. g5 h5 46.
f5 gxf5 47. Kf4 Rb3 48. Rxa7 Rxb4+ 49. Kxf5 Rb5+ 50. Kf4 Rb4+ 51. Kg3 Rb6 52.
Ra5 Rc6 53. Rf5 Kg6 54. Rd5 Kg7 55. Re5 Ra6 56. f4 Ra3+ 57. Kg2 Ra4 58. Kf3 Rb4
59. Rd5 Rb3+ 60. Kg2 Rb2+ 61. Kf3 Rb3+ 62. Ke4 Rh3 63. Rd7 Rxh4 64. Kf5 Rg4 65.
Rd1 Rg2 66. Rh1 Ra2 67. Rxh5 Ra5+ 68. Kg4 Ra4 69. Rh6 Ra1 70. Rb6 Ra4 71. Rb7
Rc4 72. Kf3 Rc3+ 73. Ke4 Rc4+ 74. Ke5 Rc5+ 75. Ke4 Rc4+ 76. Ke5 Rc5+ 77. Kd4
Ra5 78. Rd7 Ra1 79. Ke5 Re1+ 80. Kf5 Rg1 81. Re7 Rg2 82. Re1 Ra2 83. Rf1 Ra5+
84. Kg4 Ra4 85. Kh5 Ra2 86. Rg1 Ra5 87. Rb1 Rc5 88. Rb4 Ra5 89. Kg4 Ra1 90. f5
Rg1+ 91. Kh5 Rf1 92. f6+ Kh7 93. Rb8 Rh1+ 94. Kg4 Rg1+ 95. Kf5 Rf1+ 96. Ke5
Re1+ 97. Kd6 Kg6 98. Rg8+ Kf5 99. Kd7 Ra1 100. Ke7 Ra7+ 101. Kf8 Ke6 102. Kg7
Kf5 103. Re8 Kxg5 104. Re5+ Kf4 105. Re7 Ra6 106. Rxf7 Kf5 107. Rb7 Ra1 108.
Rb5+ Ke6 109. Rb6+ Kd7 110. f7 1-0

[Event "XXXVI C.to Italiano a squadre A1.1"]
[Site "ITA"]
[Date "2004.03.07"]
[Round "2"]
[White "Mariano, Elia"]
[Black "Bellini, Fabio"]
[Result "1/2-1/2"]
[WhiteElo "2198"]
[BlackElo "2502"]
[PlyCount "53"]
[EventDate "2004.03.06"]

1. d4 d6 2. c4 g6 3. Nc3 Bg7 4. e4 e5 5. d5 f5 6. exf5 gxf5 7. Qh5+ Kf8 8. f4
Na6 9. fxe5 dxe5 10. Bd3 Nf6 11. Qh4 Qe7 12. Nge2 e4 13. Bb1 Kg8 14. Rf1 Nc5
15. Ng3 Nd3+ 16. Bxd3 exd3+ 17. Kd1 Nxd5 18. Qxe7 Nxe7 19. Bg5 Kf7 20. Kd2 Nc6
21. Rae1 Ne5 22. b3 Rf8 23. Nh5 Nc6 24. Nxg7 Kxg7 25. Nd5 Rf7 26. Bf4 Bd7 27.
Nxc7 1/2-1/2

[Event "XXXVI C.to Italiano a squadre A1.1"]
[Site "ITA"]
[Date "2004.03.07"]
[Round "2"]
[White "Rodriguez Alvarez, Alan"]
[Black "Aranovitch, Emiliano"]
[Result "0-1"]
[WhiteElo "2070"]
[BlackElo "2300"]
[PlyCount "54"]
[EventDate "2004.03.06"]

1. d4 Nf6 2. c4 c5 3. d5 g6 4. Nc3 Bg7 5. Nf3 d6 6. h3 O-O 7. e4 e6 8. Bd3 exd5
9. cxd5 a6 10. a4 Re8 11. Bf4 Nxe4 12. Bxe4 Bxc3+ 13. bxc3 Rxe4+ 14. Be3 Nd7
15. O-O Nb6 16. Qb3 Bd7 17. Rfb1 Nxa4 18. Qxb7 Bb5 19. Bg5 Qc8 20. Qxc8+ Rxc8
21. Nd2 Nxc3 22. Nxe4 Nxe4 23. Bf4 Nc3 24. Bxd6 Nxb1 25. Rxb1 f6 26. Rd1 c4 27.
Kf1 c3+ 0-1

[Event "XXXVI C.to Italiano a squadre A1.1"]
[Site "ITA"]
[Date "2004.04.16"]
[Round "3"]
[White "Aldrovandi, Costantino"]
[Black "Lapiccirella, Mattia"]
[Result "0-1"]
[WhiteElo "2282"]
[BlackElo "2191"]
[PlyCount "72"]
[EventDate "2004.03.06"]

1. e4 c5 2. c3 d5 3. exd5 Qxd5 4. d4 Nf6 5. Nf3 Bg4 6. Be2 e6 7. O-O Be7 8. h3
Bh5 9. Be3 cxd4 10. cxd4 Nc6 11. Nc3 Qd6 12. Qb3 O-O 13. a3 a6 14. Rac1 b5 15.
Rfd1 Na5 16. Qa2 Rfc8 17. g4 Bg6 18. Ne5 Nd5 19. Bd2 Nxc3 20. Rxc3 Rxc3 21.
Bxc3 Qc7 22. Bf3 Rc8 23. Nxg6 hxg6 24. d5 Qf4 25. Bg2 Nc4 26. dxe6 fxe6 27. Qb1
Rf8 28. Rf1 Bd6 29. Rd1 Qxf2+ 30. Kh1 Qg3 31. Rxd6 Qxd6 32. Bb4 Qd2 33. Qxg6
Ne3 34. Qxe6+ Kh8 35. Qe4 Rd8 36. Bd6 Qxg2+ 0-1

[Event "XXXVI C.to Italiano a squadre A1.1"]
[Site "ITA"]
[Date "2004.04.16"]
[Round "3"]
[White "Bellini, Fabio"]
[Black "Trabattoni, Franco"]
[Result "1-0"]
[WhiteElo "2503"]
[BlackElo "2353"]
[PlyCount "77"]
[EventDate "2004.03.06"]

1. e4 c5 2. Nf3 Nc6 3. Bb5 g6 4. Bxc6 dxc6 5. d3 Bg7 6. h3 Nf6 7. Nc3 Nd7 8.
Be3 e5 9. Qd2 h6 10. O-O Qe7 11. Nh2 Nf8 12. a3 Ne6 13. b4 Bd7 14. Na4 b6 15.
Rab1 h5 16. Nf3 O-O 17. Bh6 Nd4 18. Nxd4 cxd4 19. Nb2 b5 20. Bxg7 Kxg7 21. c3
c5 22. c4 a6 23. f4 f6 24. Rbc1 Rac8 25. fxe5 Qxe5 26. Rc2 Be6 27. cxb5 cxb4
28. axb4 axb5 29. Rfc1 Rxc2 30. Rxc2 Ra8 31. Nd1 Ra1 32. Rc1 Ra2 33. Rc2 Ra1
34. Rc1 Ra2 35. Rc2 Rxc2 36. Qxc2 Qg3 37. Nf2 Qe3 38. Kf1 g5 39. Qc7+ 1-0

[Event "XXXVI C.to Italiano a squadre A1.1"]
[Site "ITA"]
[Date "2004.04.16"]
[Round "3"]
[White "Castaldo, Folco"]
[Black "Del Rio Angelis, Salvador Gabriel"]
[Result "1/2-1/2"]
[WhiteElo "2329"]
[BlackElo "2506"]
[PlyCount "73"]
[EventDate "2004.03.06"]

1. Nf3 d5 2. g3 Nf6 3. Bg2 e6 4. O-O Be7 5. b3 O-O 6. Bb2 b6 7. c4 Bb7 8. e3 c5
9. Nc3 dxc4 10. bxc4 Nc6 11. Qe2 Nb4 12. d4 cxd4 13. exd4 Rc8 14. Rfd1 Re8 15.
Rac1 Bf8 16. a3 Nc6 17. Ne5 Qc7 18. Nb5 Qb8 19. Nxc6 Bxc6 20. Bxc6 Rxc6 21. Qf3
Rec8 22. d5 exd5 23. cxd5 Rxc1 24. Bxc1 Rc5 25. a4 a6 26. Nc3 Qe5 27. Bb2 h5
28. Kg2 h4 29. Rd2 Qg5 30. Rd4 hxg3 31. hxg3 Qe5 32. Rd2 Qg5 33. Rd3 Rc8 34. d6
Rd8 35. Qb7 Rxd6 36. Rxd6 Bxd6 37. Qxa6 1/2-1/2

[Event "XXXVI C.to Italiano a squadre A1.1"]
[Site "ITA"]
[Date "2004.04.16"]
[Round "3"]
[White "Citti, Gianluca"]
[Black "Massa, Giovanni"]
[Result "1-0"]
[WhiteElo "2139"]
[BlackElo "2090"]
[PlyCount "69"]
[EventDate "2004.03.06"]

1. e4 c5 2. Nc3 e6 3. Nge2 a6 4. g3 d6 5. Bg2 Nf6 6. d3 Be7 7. O-O O-O 8. h3
Nc6 9. f4 Qc7 10. g4 b5 11. Ng3 b4 12. Nce2 Bb7 13. g5 Nd7 14. f5 Nce5 15. fxe6
fxe6 16. Nf4 Rxf4 17. Bxf4 Ng6 18. Qg4 Ndf8 19. h4 Bc8 20. Be3 Ne5 21. Qh3 Bd7
22. Ne2 Nc6 23. Qg3 Ng6 24. Nf4 Nxf4 25. Qxf4 Nd8 26. h5 e5 27. Qf3 Be8 28. g6
h6 29. Bh3 Bb5 30. b3 a5 31. Rf2 Bd7 32. Raf1 Bf6 33. Bxh6 Bxh3 34. Qxh3 d5 35.
exd5 1-0

[Event "XXXVI C.to Italiano a squadre A1.1"]
[Site "ITA"]
[Date "2004.04.16"]
[Round "3"]
[White "Contin, Daniel"]
[Black "Mariano, Elia"]
[Result "1-0"]
[WhiteElo "2401"]
[BlackElo "2198"]
[PlyCount "77"]
[EventDate "2004.03.06"]

1. c4 e6 2. Nf3 Nf6 3. g3 b6 4. Bg2 Bb7 5. O-O Be7 6. Nc3 O-O 7. Re1 c5 8. e4
Nc6 9. e5 Ne8 10. d3 d6 11. d4 cxd4 12. Nxd4 Rc8 13. Ncb5 Qd7 14. Nxc6 Bxc6 15.
Bxc6 Rxc6 16. b3 a6 17. Nd4 Rc7 18. exd6 Nxd6 19. Bb2 Rd8 20. Qg4 Ne8 21. Nf3
Bf6 22. Ne5 Qd2 23. Re2 Qb4 24. Qf3 Qd6 25. Kg2 b5 26. Rc1 bxc4 27. bxc4 Rb8
28. Ba3 Qb6 29. c5 Qa5 30. Nc6 Rxc6 31. Qxc6 Qxa3 32. Rb1 Rd8 33. Rd2 Qa5 34.
Rd7 h6 35. Rb6 Kf8 36. Rbb7 Qxa2 37. Rxf7+ Kg8 38. Rfd7 Kf8 39. Qe4 1-0

[Event "XXXVI C.to Italiano a squadre A1.1"]
[Site "ITA"]
[Date "2004.04.16"]
[Round "3"]
[White "Di Paolo, Raffaele"]
[Black "Jones, Gawain C.B."]
[Result "0-1"]
[WhiteElo "2349"]
[BlackElo "2405"]
[PlyCount "80"]
[EventDate "2004.03.06"]

1. e4 c5 2. Nf3 g6 3. d4 cxd4 4. Qxd4 Nf6 5. Bb5 a6 6. e5 axb5 7. exf6 e6 8.
Nc3 Nc6 9. Qf4 Ra5 10. O-O d5 11. Re1 b4 12. Ne2 h6 13. Qh4 Rg8 14. Ned4 g5 15.
Nxc6 bxc6 16. Qd4 Bc5 17. Qe5 Bd6 18. Qd4 c5 19. Qd3 Kf8 20. Ne5 Qxf6 21. Qg3
Ra6 22. Bd2 Qf5 23. f4 Qxc2 24. Qf2 Qf5 25. Re2 Ke8 26. Rf1 g4 27. Qe3 Rxa2 28.
Qb3 Ra6 29. Rc1 Bb7 30. Qg3 c4 31. Be3 Ra8 32. Rd1 Bf8 33. Ree1 Rg7 34. Bd4 f6
35. Qh4 h5 36. Nxc4 dxc4 37. Bxf6 Rg6 38. Bg5 Bc5+ 39. Kh1 Qc2 40. Rxe6+ Rxe6
0-1

[Event "XXXVI C.to Italiano a squadre A1.1"]
[Site "ITA"]
[Date "2004.04.16"]
[Round "3"]
[White "Evangelisti, Claudio R."]
[Black "Cangiotti, Claudio"]
[Result "1-0"]
[WhiteElo "2240"]
[BlackElo "2220"]
[PlyCount "71"]
[EventDate "2004.03.06"]

1. c4 g6 2. d4 Nf6 3. Nc3 Bg7 4. e4 d6 5. Nf3 O-O 6. d5 e5 7. Be2 Nbd7 8. O-O
Nc5 9. Nd2 a5 10. Re1 Ne8 11. Nb3 Nxb3 12. axb3 f5 13. b4 fxe4 14. Nxe4 Bf5 15.
Ng5 axb4 16. Rxa8 Qxa8 17. Qb3 h6 18. Ne6 Bxe6 19. dxe6 c5 20. Qh3 Kh7 21. e7
Rg8 22. Qe6 Bf6 23. Bd3 Rg7 24. Qh3 Bxe7 25. Bxh6 Nf6 26. Bg5+ Kg8 27. Qe6+ Rf7
28. Bxg6 Qf8 29. h4 Kg7 30. h5 Nh7 31. Bxf7 Nxg5 32. Qg6+ Kh8 33. Bd5 b6 34.
Ra1 Nh7 35. Ra8 Bd8 36. h6 1-0

[Event "XXXVI C.to Italiano a squadre A1.1"]
[Site "ITA"]
[Date "2004.04.16"]
[Round "3"]
[White "Mantovani, Renzo"]
[Black "Aglietti, Graziano"]
[Result "1-0"]
[WhiteElo "2374"]
[BlackElo "2084"]
[PlyCount "75"]
[EventDate "2004.03.06"]

1. d4 Nf6 2. Nf3 e6 3. c4 d5 4. Nc3 Be7 5. Bg5 O-O 6. e3 a6 7. cxd5 Nxd5 8.
Bxe7 Qxe7 9. Bd3 Nd7 10. O-O c5 11. Rc1 Nxc3 12. Rxc3 b6 13. Qc2 g6 14. Be4 Ra7
15. Rc1 Bb7 16. Bxb7 Rxb7 17. dxc5 bxc5 18. b3 a5 19. Qe4 Rb4 20. Qc6 a4 21.
bxa4 Rfb8 22. h3 R4b6 23. Qc7 R6b7 24. Qf4 Rb4 25. Rc4 e5 26. Qe4 Kg7 27. a5 f5
28. Qd5 e4 29. Nd2 Rb2 30. R1c2 Rxc2 31. Rxc2 Rb5 32. Nb3 Kh6 33. a6 Nb8 34.
Rxc5 Rxc5 35. Qxc5 Qxc5 36. Nxc5 Nc6 37. Ne6 g5 38. Nd4 1-0

[Event "XXXVI C.to Italiano a squadre A1.1"]
[Site "ITA"]
[Date "2004.04.16"]
[Round "3"]
[White "Passoni, Carlo"]
[Black "Arlandi, Ennio"]
[Result "0-1"]
[WhiteElo "2290"]
[BlackElo "2431"]
[PlyCount "88"]
[EventDate "2004.03.06"]

1. e4 c5 2. Nf3 e6 3. d4 cxd4 4. Nxd4 Nf6 5. Nc3 d6 6. g4 h6 7. g5 hxg5 8. Bxg5
Nc6 9. Qd2 a6 10. O-O-O Qb6 11. Nxc6 bxc6 12. e5 dxe5 13. Ne4 Rb8 14. Nxf6+
gxf6 15. Qd8+ Qxd8 16. Rxd8+ Ke7 17. Rxf8 Rxf8 18. Be3 Rg8 19. h4 f5 20. h5 Bb7
21. Bc5+ Kf6 22. Be2 Rbc8 23. b4 e4 24. h6 Rh8 25. f4 exf3 26. Bxf3 Rcg8 27.
Bf2 e5 28. a4 Rg6 29. b5 axb5 30. axb5 Rhxh6 31. Rd1 e4 32. Be2 cxb5 33. Bd4+
Ke6 34. Bxb5 f4 35. Bc3 Bd5 36. Bb2 e3 37. c4 Bf3 38. Bd7+ Ke7 39. Ba3+ Kd8 40.
Rd4 Rh1+ 41. Kc2 Rg2+ 42. Kc3 Rd2 43. Bc6+ Rxd4 44. Bxf3 Rhd1 0-1

[Event "XXXVI C.to Italiano a squadre A1.1"]
[Site "ITA"]
[Date "2004.04.16"]
[Round "3"]
[White "Pernigotti, Carlo"]
[Black "Del Dotto, Riccardo"]
[Result "1/2-1/2"]
[WhiteElo "2201"]
[BlackElo "2131"]
[PlyCount "83"]
[EventDate "2004.03.06"]

1. e4 e5 2. Nf3 Nf6 3. Nxe5 d6 4. Nf3 Nxe4 5. d4 d5 6. Bd3 Bd6 7. O-O O-O 8. c4
c6 9. Qc2 Na6 10. a3 Bg4 11. Ne5 Bxe5 12. dxe5 Nac5 13. cxd5 Qxd5 14. Bxe4 Nxe4
15. f3 Nc5 16. Rd1 Qb3 17. Qe2 Bf5 18. Nc3 Qe6 19. Rd6 Qe7 20. Bf4 Rfe8 21.
Rad1 h5 22. Qc4 Nd7 23. Re1 Nf8 24. Bg3 Ng6 25. h4 Qc7 26. Qc5 Qe7 27. Qc4 Qc7
28. b4 Re6 29. Kh2 Rae8 30. Rxe6 Rxe6 31. Nb5 Qd7 32. Nd4 Re8 33. Qc5 a6 34.
Qc3 Be6 35. Qe3 Qd8 36. Qe4 Bd5 37. Qf5 Nxh4 38. Qxh5 Ng6 39. e6 Qf6 40. exf7+
Bxf7 41. Rxe8+ Bxe8 42. Qg4 1/2-1/2

[Event "XXXVI C.to Italiano a squadre A1.1"]
[Site "ITA"]
[Date "2004.04.16"]
[Round "3"]
[White "Ranieri, Fabrizio"]
[Black "Sedina, Elena"]
[Result "0-1"]
[WhiteElo "2216"]
[BlackElo "2382"]
[PlyCount "64"]
[EventDate "2004.03.06"]

1. e4 e6 2. d4 d5 3. Nc3 Bb4 4. e5 Ne7 5. a3 Bxc3+ 6. bxc3 c5 7. h4 Qc7 8. Nf3
b6 9. h5 h6 10. a4 Ba6 11. Bb5+ Bxb5 12. axb5 a5 13. bxa6 Rxa6 14. Rxa6 Nxa6
15. Qd3 Nb8 16. O-O O-O 17. Bf4 Rc8 18. Rb1 Nd7 19. Ra1 Nc6 20. Qd2 cxd4 21.
cxd4 Na5 22. Bxh6 gxh6 23. Qxh6 Qxc2 24. Qg5+ Kf8 25. Nh4 Ke8 26. h6 Qe4 27. g4
Nf8 28. Rd1 Nb3 29. f3 Qe2 30. Rf1 Rc2 31. Qf4 Ng6 32. Rf2 Nxf4 0-1

[Event "XXXVI C.to Italiano a squadre A1.1"]
[Site "ITA"]
[Date "2004.04.16"]
[Round "3"]
[White "Ratti, Ruggero"]
[Black "Djuric, Stefan"]
[Result "0-1"]
[WhiteElo "2320"]
[BlackElo "2518"]
[PlyCount "78"]
[EventDate "2004.03.06"]

1. d4 Nf6 2. Bg5 c6 3. Bxf6 exf6 4. e3 d5 5. c4 dxc4 6. Bxc4 Bd6 7. Nf3 O-O 8.
O-O Nd7 9. Nbd2 Nb6 10. Bd3 Nd5 11. a3 a5 12. Qc2 g6 13. Rac1 Re8 14. Rfe1 Bc7
15. Bf1 a4 16. Ne4 Kg7 17. Nc5 Nb6 18. g3 Ra7 19. Bg2 Bf5 20. Qd1 Qc8 21. Nh4
Bg4 22. Bf3 h5 23. Be2 Bxe2 24. Rxe2 g5 25. Nf3 h4 26. Rec2 hxg3 27. hxg3 Rh8
28. Kf1 Rh1+ 29. Ng1 Qh3+ 30. Ke2 Qh5+ 31. Kd2 Qh2 32. Kd3 Nd5 33. Ne4 Ra8 34.
Nc3 Nxc3 35. Rxc3 Qh7+ 36. Kd2 Rh2 37. Qf3 Ba5 38. Ke2 Rh1 39. R3c2 Rxg1 0-1

[Event "XXXVI C.to Italiano a squadre A1.1"]
[Site "ITA"]
[Date "2004.04.17"]
[Round "4"]
[White "Aglietti, Graziano"]
[Black "Citti, Gianluca"]
[Result "1/2-1/2"]
[WhiteElo "2084"]
[BlackElo "2139"]
[PlyCount "50"]
[EventDate "2004.03.06"]

1. d4 Nf6 2. Nf3 c5 3. e3 d5 4. Be2 Nc6 5. O-O e6 6. b3 Bd6 7. Bb2 O-O 8. Nbd2
b6 9. c4 Bb7 10. Rc1 Rc8 11. Ne5 Qe7 12. Bd3 Rfd8 13. cxd5 exd5 14. Nxc6 Bxc6
15. Nf3 Ne4 16. Ne5 Bxe5 17. dxe5 c4 18. Bxe4 dxe4 19. Qg4 cxb3 20. axb3 Qe6
21. Qxe6 fxe6 22. Bd4 Bb5 23. Rfe1 Bd3 24. Ra1 Rd7 25. Rec1 Rc2 1/2-1/2

[Event "XXXVI C.to Italiano a squadre A1.1"]
[Site "ITA"]
[Date "2004.04.17"]
[Round "4"]
[White "Aldrovandi, Costantino"]
[Black "Mantovani, Renzo"]
[Result "0-1"]
[WhiteElo "2282"]
[BlackElo "2374"]
[PlyCount "116"]
[EventDate "2004.03.06"]

1. e4 c5 2. Nf3 d6 3. d4 cxd4 4. Nxd4 Nf6 5. Nc3 Nc6 6. Be2 Nxd4 7. Qxd4 g6 8.
Be3 Bg7 9. Qd2 O-O 10. O-O Be6 11. a3 Qa5 12. Bh6 Bxh6 13. Qxh6 Rfc8 14. Bd3
Ng4 15. Qh4 f6 16. Nd5 Bxd5 17. Qxg4 Bf7 18. Qe2 Qc5 19. Rad1 Rab8 20. Qd2 Kg7
21. Rfe1 Bc4 22. Bxc4 Qxc4 23. c3 b5 24. f4 a5 25. e5 Qc5+ 26. Qd4 dxe5 27.
fxe5 f5 28. Re2 b4 29. axb4 axb4 30. cxb4 Rxb4 31. Qxc5 Rxc5 32. Kf2 Rcb5 33.
Rdd2 Kf7 34. Rc2 Rb6 35. Kf3 Rb3+ 36. Kf2 Ke6 37. h4 R3b5 38. Kf3 Rxe5 39. Kf4
Rb4+ 40. Kg3 Rxe2 41. Rxe2+ Kf6 42. Rc2 h6 43. Kh3 Rb3+ 44. g3 g5 45. hxg5+
hxg5 46. Kg2 g4 47. Re2 e6 48. Kh2 e5 49. Rc2 f4 50. gxf4 exf4 51. Kg2 Kg5 52.
Rf2 g3 53. Rc2 Kg4 54. Kh1 Rb8 55. Kg1 Rd8 56. Rc1 f3 57. b4 g2 58. Kf2 Rd2+
0-1

[Event "XXXVI C.to Italiano a squadre A1.1"]
[Site "ITA"]
[Date "2004.04.17"]
[Round "4"]
[White "Bellini, Fabio"]
[Black "Contin, Daniel"]
[Result "1-0"]
[WhiteElo "2503"]
[BlackElo "2401"]
[PlyCount "81"]
[EventDate "2004.03.06"]

1. e4 e6 2. d4 d5 3. Nc3 Bb4 4. exd5 exd5 5. Bd3 Nc6 6. a3 Bxc3+ 7. bxc3 Nce7
8. Rb1 Rb8 9. Ne2 Bf5 10. Ng3 Bxd3 11. cxd3 Qd7 12. O-O g6 13. Re1 h5 14. h3
Kf8 15. Qf3 Kg7 16. Bf4 h4 17. Nf1 b6 18. Re5 f6 19. Rbe1 Rf8 20. Re6 Kf7 21.
R6e2 Nf5 22. Ne3 Nge7 23. Ng4 Nc6 24. Re6 Kg7 25. Qd1 Nd8 26. Rxf6 Rxf6 27.
Nxf6 Qc6 28. Be5 Nf7 29. Ne8+ Kf8 30. Bxh8 Nxh8 31. Qe2 Qxc3 32. Nf6 c6 33.
Nd7+ Kg7 34. Qe5+ Kh7 35. Nf6+ Kh6 36. Ng4+ Kh7 37. Qc7+ Ng7 38. Nf6+ Kh6 39.
Re7 Qxd4 40. Ng4+ Kh7 41. Ne5 1-0

[Event "XXXVI C.to Italiano a squadre A1.1"]
[Site "ITA"]
[Date "2004.04.17"]
[Round "4"]
[White "Del Dotto, Riccardo"]
[Black "Ranieri, Fabrizio"]
[Result "1/2-1/2"]
[WhiteElo "2131"]
[BlackElo "2216"]
[PlyCount "47"]
[EventDate "2004.03.06"]

1. d4 e6 2. Nf3 d5 3. Bf4 Nf6 4. e3 Bd6 5. Bg3 Bxg3 6. hxg3 Nbd7 7. Nbd2 Qe7 8.
c3 e5 9. dxe5 Nxe5 10. Nxe5 Qxe5 11. Nf3 Qe7 12. Be2 Bf5 13. Nd4 Bd7 14. Qb3
O-O 15. Bf3 c5 16. Ne2 Bc6 17. Rd1 Rfe8 18. Nf4 c4 19. Qc2 Rad8 20. Qf5 Qe5 21.
Qxe5 Rxe5 22. Rd4 Ne4 23. Bxe4 Rxe4 24. Ne2 1/2-1/2

[Event "XXXVI C.to Italiano a squadre A1.1"]
[Site "ITA"]
[Date "2004.04.17"]
[Round "4"]
[White "Del Rio Angelis, Salvador Gabriel"]
[Black "Djuric, Stefan"]
[Result "1-0"]
[WhiteElo "2506"]
[BlackElo "2518"]
[PlyCount "101"]
[EventDate "2004.03.06"]

1. e4 d6 2. d4 Nf6 3. Nc3 Nbd7 4. g4 e5 5. g5 Ng8 6. Nf3 h6 7. Rg1 hxg5 8. Bxg5
f6 9. Be3 c6 10. Qd2 b5 11. d5 b4 12. dxc6 bxc3 13. cxd7+ Qxd7 14. Qxc3 Bb7 15.
Nd2 Ne7 16. O-O-O d5 17. Nc4 d4 18. Qd3 Nc6 19. Bd2 Qc7 20. f4 exf4 21. e5 fxe5
22. Qg6+ Qf7 23. Nxe5 Nxe5 24. Bb5+ Kd8 25. Ba5+ Kc8 26. Rxd4 Bc5 27. Qxf7 Nxf7
28. Rc4 Rh5 29. Rxg7 Kb8 30. Rg8+ Bc8 31. Ba6 Nd6 32. Rxc5 Rxc5 33. Bb4 Kc7 34.
Bxc5 Ne4 35. Rxc8+ Rxc8 36. Bxc8 Nxc5 37. Bg4 Kd6 38. Bf3 Ke5 39. Kd2 Ne6 40.
c3 Ng5 41. Ke2 Nf7 42. h4 Kf5 43. h5 Ne5 44. b3 Kg5 45. c4 Kf5 46. c5 Nf7 47.
Bd5 Ng5 48. c6 f3+ 49. Kf2 Kf4 50. c7 Nh3+ 51. Kf1 1-0

[Event "XXXVI C.to Italiano a squadre A1.1"]
[Site "ITA"]
[Date "2004.04.17"]
[Round "4"]
[White "Di Paolo, Raffaele"]
[Black "Ratti, Ruggero"]
[Result "1-0"]
[WhiteElo "2349"]
[BlackElo "2320"]
[PlyCount "55"]
[EventDate "2004.03.06"]

1. e4 c5 2. Nf3 e6 3. d4 cxd4 4. Nxd4 Nf6 5. Nc3 d6 6. Bc4 a6 7. Bb3 Nbd7 8.
Qf3 Nc5 9. O-O b5 10. Bg5 Bb7 11. Rfe1 Be7 12. a3 O-O 13. Rad1 Qc7 14. Qh3
Nfxe4 15. Nxe4 Bxe4 16. Bxe7 Qxe7 17. Ba2 Bg6 18. Qg4 Qa7 19. h4 h5 20. Qf3 d5
21. Nc6 Qc7 22. Ne5 Ne4 23. Rxd5 exd5 24. Nxg6 fxg6 25. Qxe4 Rae8 26. Bxd5+ Kh7
27. Qxe8 Rxe8 28. Rxe8 1-0

[Event "XXXVI C.to Italiano a squadre A1.1"]
[Site "ITA"]
[Date "2004.04.17"]
[Round "4"]
[White "Jones, Gawain C.B."]
[Black "Castaldo, Folco"]
[Result "1-0"]
[WhiteElo "2405"]
[BlackElo "2329"]
[PlyCount "57"]
[EventDate "2004.03.06"]

1. e4 e5 2. Nf3 Nc6 3. Nc3 g6 4. d4 exd4 5. Nxd4 Bg7 6. Be3 Nf6 7. Nxc6 bxc6 8.
e5 Ng8 9. f4 d6 10. Qf3 Ne7 11. O-O-O O-O 12. Bc5 Nd5 13. Nxd5 cxd5 14. exd6 c6
15. Qa3 Rb8 16. c3 Bg4 17. Rd2 Qf6 18. g3 Rfd8 19. Bg2 Bf5 20. Re2 Bd3 21. Re5
Re8 22. Rhe1 Rxe5 23. Rxe5 Qd8 24. Re3 Bf5 25. Qxa7 Ra8 26. Qc7 Qf8 27. a3 Rc8
28. Qe7 Be6 29. Rxe6 1-0

[Event "XXXVI C.to Italiano a squadre A1.1"]
[Site "ITA"]
[Date "2004.04.17"]
[Round "4"]
[White "Lapiccirella, Mattia"]
[Black "Massa, Giovanni"]
[Result "1/2-1/2"]
[WhiteElo "2191"]
[BlackElo "2090"]
[PlyCount "59"]
[EventDate "2004.03.06"]

1. d4 d5 2. c4 e6 3. Nc3 c5 4. cxd5 exd5 5. Nf3 Nc6 6. g3 Nf6 7. Bg2 Be7 8. O-O
O-O 9. Bg5 cxd4 10. Nxd4 h6 11. Be3 Re8 12. Rc1 Bf8 13. Nxc6 bxc6 14. Bd4 Bg4
15. f3 Bd7 16. Na4 Nh7 17. Qd2 Ng5 18. Nc5 Bh3 19. e3 Qc8 20. Rc3 Bxg2 21. Kxg2
Qh3+ 22. Kg1 Bd6 23. Qg2 Bxc5 24. Bxc5 Qxg2+ 25. Kxg2 Ne6 26. Kf2 Nxc5 27. Rxc5
Rab8 28. b3 Re6 29. Rfc1 Rbe8 30. Rxc6 1/2-1/2

[Event "XXXVI C.to Italiano a squadre A1.1"]
[Site "ITA"]
[Date "2004.04.17"]
[Round "4"]
[White "Mariano, Elia"]
[Black "Nannelli, Paolo"]
[Result "1/2-1/2"]
[WhiteElo "2198"]
[BlackElo "2163"]
[PlyCount "157"]
[EventDate "2004.03.06"]

1. d4 d5 2. c4 c6 3. Nf3 Nf6 4. Nc3 g6 5. Bf4 Bg7 6. e3 O-O 7. Rc1 Qa5 8. Qb3
dxc4 9. Bxc4 b5 10. Bxf7+ Rxf7 11. Ng5 e6 12. Nxf7 Kxf7 13. O-O Nbd7 14. Ne2
Bb7 15. Ng3 Qa4 16. Qd3 Rc8 17. b3 Qb4 18. a3 Qe7 19. b4 Nd5 20. Ne4 Nxf4 21.
exf4 h6 22. Rfe1 Rd8 23. h4 Nf8 24. h5 Qh4 25. hxg6+ Nxg6 26. f5 exf5 27. Ng3
Qxd4 28. Qxf5+ Qf6 29. Qxf6+ Bxf6 30. Nf5 Bg5 31. Rcd1 Rxd1 32. Rxd1 Ke6 33.
Nd6 Ba6 34. Ne4 Be7 35. Re1 Kd7 36. g3 Bc8 37. f4 Kc7 38. Kf2 Kb6 39. Rb1 Bf8
40. Kf3 a5 41. g4 axb4 42. axb4 Ne7 43. Nf6 Be6 44. Re1 Bd5+ 45. Kg3 Kc7 46.
Nh7 Ng6 47. Nxf8 Nxf8 48. f5 Kd7 49. Kf2 Nh7 50. Ke3 Ke7 51. Ra1 Nf6 52. Ra7+
Nd7 53. Kf4 Kd6 54. g5 hxg5+ 55. Kxg5 Ne5 56. f6 Nd3 57. f7 Bxf7 58. Rxf7 Nxb4
59. Kf4 Kd5 60. Ke3 Kc4 61. Kd2 Nd5 62. Rh7 b4 63. Rh4+ Kb5 64. Kc2 c5 65. Kb3
Ne7 66. Rf4 Nc6 67. Rh4 Nd4+ 68. Kb2 Ka4 69. Rg4 Nc6 70. Rg5 Kb5 71. Rg4 Nd4
72. Rh4 Kc4 73. Rg4 Kb5 74. Rh4 Nc6 75. Rh5 Na5 76. Rg5 Nc4+ 77. Kb3 Na5+ 78.
Kb2 Nc4+ 79. Kb3 1/2-1/2